Most Valuable XI of 16 Strongest Countries - Statistics

General Stats
  • This quiz has been taken 15 times
  • The average score is 62 of 176
Answer Stats
Country Club Position Name % Correct
Arsenal RW Bukayo Saka
93%
Chelsea AM Cole Palmer
93%
Arsenal GK David Raya
93%
Real Madrid CM Eduardo Camavinga
93%
England Bayern CF Harry Kane
93%
France Real Madrid CF Kylian Mbappe
93%
Man City DM Rodri
93%
Real Madrid DM Aurelian Tchouameni
86%
Arsenal CM Declan Rice
86%
Liverpool CB Ibrahima Konate
86%
Germany Arsenal CF Kai Havertz
86%
Barcelona RW Lamine Yamal
86%
Barcelona CM Pedri
86%
Arsenal CB William Saliba
86%
PSG LW Bradley Barcola
79%
Liverpool AM Florian Wirtz
79%
Bayern RW Michael Olise
79%
Bilbao LW Nico Williams
79%
Tottenham RB Pedro Porro
79%
PSG GK Gianluigi Donnarumma
71%
Barcelona RB Jules Kounde
71%
PSG GK Lucas Chevalier
71%
Al-Hilal LB Theo Hernandez
71%
Real Madrid RB Trent Alexander-Arnold
71%
Inter CB Alessandro Bastoni
64%
Newcastle LW Anthony Gordon
64%
Liverpool LW Cody Gakpo
64%
PSG LB Nuno Mendes
64%
Barcelona CB Pau Cubarsi
64%
PSG CM Vitinha
64%
Crystal Palace DM Adam Wharton
57%
Barcelona LB Alejandro Balde
57%
Man United AM Bruno Fernandes
57%
Real Madrid CB Dean Huijsen
57%
Dortmund RW Karim Adeyemi
57%
Chelsea CB Levi Colwill
57%
Bayern LW Luis Diaz
57%
Arsenal LB Myles Lewis-Skelly
57%
Inter CM Nicolo Barella
57%
Milan LW Rafael Leao
57%
Man City CB Ruben Dias
57%
Real Madrid GK Thibaut Courtois
57%
Tottenham CB Cristian Romero
50%
Barcelona AM Dani Olmo
50%
Inter LB Federico Dimarco
50%
Man City GK James Trafford
50%
Everton CB Jarrad Branthwaite
50%
Man City LW Jeremy Doku
50%
Arsenal RB Jurrien Timber
50%
Brentford LW Kevin Schade
50%
Tottenham CB Micky van de Ven
50%
Inter CB Yann Bisseck
50%
Bayern DM Aleksandar Pavlovic
43%
Brighton GK Bart Verbruggen
43%
Porto GK Diogo Costa
43%
Aston Villa GK Emiliano Martinez
43%
Real Madrid CM Federico Valverde
43%
Portugal PSG CF Goncalo Ramos
43%
Dortmund CB Nico Schlotterbeck
43%
Chelsea RW Pedro Neto
43%
Denmark Man United CF Rasmus Hojlund
43%
Chelsea DM Romeo Lavia
43%
Barcelona CB Ronald Araujo
43%
Newcastle CB Sven Botman
43%
Leipzig AM Xavi Simons
43%
PSG RB Achraf Hakimi
36%
Liverpool CM Alexis Mac Allister
36%
Leipzig RB Benjamin Henrichs
36%
Atalanta AM Charles De Ketelaere
36%
Aston Villa RW Donyell Malen
36%
Dortmund GK Gregor Kobel
36%
Netherlands Man United CF Joshua Zirkzee
36%
Man City LB Josko Gvardiol
36%
Belgium Leipzig CF Lois Openda
36%
Man City CM Mateo Kovacic
36%
Man City CM Tijani Reijnders
36%
Aston Villa CM Youri Tielemans
36%
Man United LW Alejandro Garnacho
29%
Barcelona CB Andreas Christensen
29%
Real Madrid RW Brahim Diaz
29%
Switzerland Monaco CF Breel Embolo
29%
Crystal Palace RB Daniel Munoz
29%
Uruguay Al-Hilal CF Darwin Nunez
29%
Galatasaray CB Davinson Sanchez
29%
Man United RB Diogo Dalot
29%
Fenerbahce GK Dominik Livakovic
29%
Atletico Madrid RW Giuliano Simeone
29%
Sporting CB Goncalo Inacio
29%
Fulham CB Joachim Andersen
29%
Chelsea LB Jorrel Hato
29%
Atletico Madrid CB Jose Maria Gimenez
29%
Bayern RB Josip Stanisic
29%
Argentina Atletico Madrid CF Julian Alvarez
29%
Brighton LW Kaoru Mitoma
29%
Man United CB Lisandro Martinez
29%
Man City CB Manuel Akanji
29%
Man United DM Manuel Ugarte
29%
Brighton DM Mats Wieffer
29%
Brentford AM Mikkel Damsgaard
29%
Italy Fiorentina CF Moise Kean
29%
Sporting DM Morten Hjulmand
29%
Atletico Madrid RB Nahuel Molina
29%
Man United LB Patrick Dorgu
29%
Bologna RW Riccardo Orsolini
29%
Spain Porto CF Samu Omorodion
29%
Without Club(Arsenal) RB Takehiro Tomiyasu
29%
Fulham RB Timothy Castagne
29%
Al-Hilal GK Yassine Bounou
29%
Sporting CB Zeno Debast
29%
Parma GK Zion Suzuki
29%
Porto DM Alan Varela
21%
Leicester AM Bilal El Khannouss
21%
Crystal Palace AM Daichi Kamada
21%
Nottingham Forest RW Dan Ndoye
21%
Lazio RW Gustav Isaksen
21%
Colombia Fenerbahce CF Jhon Duran
21%
Bologna CB Jhon Lucumi
21%
Tottenham DM Joao Palhinha
21%
Leipzig RW Johan Bakayoko
21%
Ajax CB Josip Sutalo
21%
Tottenham CB Luka Vuskovic
21%
West Ham GK Mads Hermansen
21%
Lazio LW Mattia Zaccagni
21%
Brighton CM Matt O’Riley
21%
Brighton LB Maxim De Cuyper
21%
Brentford RB Michael Kayode
21%
West Ham CB Nayef Aguerd
21%
Como AM Nico Paz
21%
Benfica DM Richard Rios
21%
Real Socieda RW Takefusa Kubo
21%
Napoli CB Alessandro Buongiorno
14%
Milan DM Ardon Jashari
14%
Frankfurt CB Arthur Theate
14%
Crystal Palace CB Chadi Riad
14%
Monaco LW Eliesse Ben Seghir
14%
Al-Ahli AM Enzo Millot
14%
Panathinaikos RW Facundo Pellistri
14%
Flamengo AM Giorgian de Arrascaeta
14%
Bayern CB Hiroki Ito
14%
Wolves RW Jhon Arias
14%
Como AM Martin Baturina
14%
Napoli LB Mathias Olivera
14%
Milan LW Noah Okafor
14%
Inter DM Petar Sucic
14%
Milan DM Samuele Ricci
14%
Morocco Fenerbahce CF Youssef En-Nesyri
14%
Sporting CM Hidemasa Morita
7%
PSV CM Ismael Saibari
7%
Burnley LW Jacob Bruun Larsen
7%
Juventus LB Juan Cabal
7%
Bournemouth LB Julio Soler
7%
Mainz DM Kaishu Sano
7%
Japan Birmingham CF Kyogo Furuhashi
7%
Frankfurt LB Nathaniel Brown
7%
Frankfurt RB Rasmus Kristensen
7%
Fenerbahce DM Sofyan Amrabat
7%
Bayern CM Tom Bishof
7%
Lugano CB Albian Hajdari
0%
Servette AM Alexis Antunes
0%
Lausanne CM Alvyn Sanches
0%
Palmeiras LW Facundo Torres
0%
Torino GK Franco Israel
0%
Croatia Benfica CF Franjo Ivanovic
0%
Racing Club RB Gaston Martirena
0%
Feyenoord RB Jordan Lotomba
0%
Djurgarden LB Keita Kosugi
0%
Cruz Azul GK Kevin Mier
0%
Ajax CB Ko Itakura
0%
PAOK LW Luka Ivanusec
0%
Orlando RW Marco Pasalic
0%
Gremio AM Miguel Monsalve
0%
Real Betis CM Nelson Deossa
0%
Freiburg GK Noah Atubolu
0%
Utrecht LB Souffian El Karouani
0%
Roma AM Tomasso Baldanzi
0%
Marseille LB Ulisses Garcia
0%
No matching quizzes found
Score Distribution
Percent of People with Each Score
Percentile by Number Answered
Your Score History
You have not taken this quiz